000 00310nam a22001457a 4500
020 _a81-7478-631-7
082 _a920
_bVIN/H
100 _aVINITA
245 _a100 MINI SKETCHES OF THE GREAT
250 _a2005
260 _aCHENNAI
_bSURA BOOKS
300 _a90
650 _aBIOGRAPHY
_zCHENNAI
942 _cBK
999 _c6424
_d6424